Álbumes de Maluma - Estadísticas

Estadísticas generales
  • Esta prueba ha sido intentada 17 veces
  • La puntuación promedio es 5 de 6
Estadísticas de respuestas
Imagen Respuesta % Correcto
Papi Juancho
94%
Pretty Boy, Dirty Boy
94%
11:11
82%
F.A.M.E.
76%
Don Juan
71%
Magia
59%
No se encontraron pruebas coincidentes
Distribución de puntuación
Porcentaje de gente con cada puntuación
Porcentaje por número respondido
Historial de tus puntuaciones
No has intentado esta prueba.